000 00270 a2200097 4500
001 32809
100 _aMcQuarrie,D.A
245 _aMathematical methods for science and engineering
260 _aCalifornia
_bUniversity of Washington
_c2003
090 _c21978
_d21978
942 _aNUST-CAE
_cMONOGRAPH
_c13311
999 _c267882
_d267882